000 00599nam a2200205 i 4500
001 35553
003 ES-MaACL
005 20250728233143.0
007 t|
008 030213s1911 fr ||||1| fre d
100 1 _aBouchonnet, A.
_930840
245 1 0 _aZinc, cadmium, cuivre, mercure /
_cA. Bouchonnet.
260 _a[S.l. :
_bs.n.,
_c1911] (
_eSaint Amand :
_fBussière)
300 _a402 p. ;
_c18 cm.
490 1 _aEncyclopédie scientifique
650 7 _aMetalurgia
_2embne
_9136491
830 0 _aEncyclopédie scientifique
_9180883
852 _aES-MaACL
_jD-4433
999 _c35553
_d35553